| Tag |
First Indicator |
Second Indicator |
Subfields |
| LEADER |
00000cam a2200000 4500 |
| 001 |
in00000067166 |
| 005 |
20151008051319.0 |
| 008 |
721121s1958 nyu 00000 eng u |
| 010 |
|
|
|a 57010135
|
| 035 |
|
|
|a (OCoLC)00500116
|
| 035 |
|
|
|9 AAG7122AM
|
| 040 |
|
|
|c WSU
|d TXA
|d UtOrBLW
|
| 049 |
|
|
|a TXAM
|c [298164]
|
| 050 |
|
0 |
|a JK2387
|b .P5 1958
|
| 092 |
|
|
|a 329.8
|b P647h
|
| 100 |
1 |
|
|a Pinchot, Amos,
|d 1873-1944.
|
| 245 |
1 |
0 |
|a History of the Progressive party, 1912-1916 /
|c Edited with a biographical introd. by Helene Maxwell Hooker.
|
| 264 |
|
1 |
|a [New York] :
|b New York University Press,
|c 1958.
|
| 300 |
|
|
|a 305 pages
|
| 336 |
|
|
|a text
|b txt
|2 rdacontent
|
| 337 |
|
|
|a unmediated
|b n
|2 rdamedia
|
| 338 |
|
|
|a volume
|b nc
|2 rdacarrier
|
| 610 |
2 |
0 |
|a Progressive Party (U.S. : 1912)
|
| 999 |
|
|
|a MARS
|
| 999 |
f |
f |
|s d69a228b-b173-3ccf-98f9-71bd25a6aa69
|i dac191d7-8cd6-363b-b457-d9fa43a4322d
|t 0
|
| 952 |
f |
f |
|p ric
|a Texas A&M University
|b Rellis Campus
|c Joint Library Facility
|d Remote Storage
|t 0
|e JK2387 .P5 1958
|h Library of Congress classification
|i unmediated -- volume
|m A14800684194
|
| 998 |
f |
f |
|a JK2387 .P5 1958
|t 0
|l Remote Storage
|